|
|
|
|
| LEADER |
01864nam a2200373 4500 |
| 001 |
34382 |
| 003 |
BD-DhAAL |
| 005 |
20211207123316.0 |
| 008 |
190324t20192019enka b 001 0 eng |
| 999 |
|
|
|c 40518
|d 40518
|
| 010 |
|
|
|a 2018020912
|
| 020 |
|
|
|a 9781138479838 (hbk)
|
| 020 |
|
|
|a 9781351064668 (ebk)
|
| 040 |
|
|
|a DLC
|b eng
|c DLC
|e rda
|d DLC
|d BD-DhAAL
|
| 042 |
|
|
|a pcc
|
| 050 |
0 |
0 |
|a HF1379
|b .L366 2019
|
| 082 |
0 |
0 |
|a 382
|2 23
|
| 245 |
0 |
4 |
|a The language of world trade politics :
|b unpacking the terms of trade /
|c edited by Klaus Dingwerth and Clara Weinhardt.
|
| 260 |
|
|
|a London ;
|a New York :
|b Routledge, Taylor & Francis Group,
|c c2019
|
| 300 |
|
|
|a xiv, 204 pages :
|b illustrations ;
|c 25 cm.
|
| 490 |
0 |
|
|a RIPE series in global political economy
|
| 490 |
0 |
|
|a RIPE series
|
| 504 |
|
|
|a Includes bibliographical references and index.
|
| 505 |
|
|
|a The language of world trade politics : introduction / Klaus Dingwerth and Clara Weinhardt --
Trade / Matthew Eagleton-Pierce --
Protectionism / Gary Winslett --
Foreign direct investment / Lukas Linsi --
Multilateralism / Matthew Bishop and Valbona Muzaka --
Democracy / Klaus Dingwerth --
Civil society / Michael Strange --
Coherence / Felix Anderl --
Development / Angela Geck and Clara Weinhardt --
Environment / Emily Lydgate --
Justice / Clara Brandi.
|
| 526 |
|
|
|a ESS
|
| 541 |
|
|
|a Parama
|e 34382
|
| 650 |
|
0 |
|a International trade
|x Political aspects.
|9 30492
|
| 650 |
|
0 |
|a International trade
|x Terminology.
|9 30493
|
| 650 |
|
0 |
|a Economics.
|9 43518
|
| 700 |
1 |
|
|a Dingwerth, Klaus,
|e editor.
|9 30494
|
| 700 |
1 |
|
|a Weinhardt, Clara,
|d 1984-
|e editor.
|9 30495
|
| 852 |
|
|
|a Ayesha Abed Library
|c General Stacks
|
| 942 |
|
|
|2 ddc
|c BK
|
| 952 |
|
|
|0 0
|1 0
|2 ddc
|4 0
|6 382_000000000000000_LAN
|7 0
|9 65141
|a BRACUL
|b BRACUL
|c GEN
|d 2019-02-26
|e Parama
|g 8165.00
|l 0
|o 382 LAN
|p 3010034382
|r 2019-02-26
|t 1
|v 8165.00
|w 2019-02-26
|y BK
|